01077nam a2200181 i 4500001000700000003000900007005001700016008004100033040001300074100004700087245009200134260007300226300004800299505033100347852007500678999001900753952012300772164152ES-MaACL20230906212900.0940301m18261829sp |||| | spa d aAS bspa0 aRuiz de Alarcón y Mendoza, Juan.910071910aComedias escogidas de don Juan Ruiz de Alarcón y Mendoza b: tomo primero [-segundo]. aMadrid : b[s.n.], c1826-1829 (fImprenta de Ortega y Compañía) a2 v. (509, [1] p. ; 586, [2] p.) ; c16 cm.8 aContiene: t. 1. Ganar amigos (p.3-122) ; La verdad sospechosa (p.123-256) ; El exámen de Maridos (p. 257-380) ; Las Paredes oyen (p. 381-509) -- t. 2. Los empeños de su engaño (p. 3-128) ; Quien engaña más a quien (p. 129-250) ; Nunca mucho costo poco (p. 251-462) ; El Tejedor de Segovia, segunda parte (p.463-586). x aBA jR-2400-01 z-- Enc. pasta x-- Olim: F-1383-84 c164152d164152 001040708LIBXIXaATENEOMbATENEOMcDEPOd2008-01-17l0oR-2400-01p1172043r2023-02-23 00:00:00w2023-02-23yMONANT